Sci-Fi By Picture Quiz Stats

 Plays Quiz Updated Nov 6, 2018

Support Sporcle.
Go Orange.
Score 0/16 Timer 05:00
3 Plays Today
Movie % Correct
Star Wars: Episode V - The Empire Strikes Back (1980)
92.5%
Independence Day (1996)
78.8%
Star Trek: The Wrath of Khan (1982)
78.7%
District 9 (2009)
58.7%
2001: A Space Odyssey (1968)
54.7%
Close Encounters of the Third Kind (1977)
52.7%
Mars Attacks! (1996)
52.5%
E.T.: The Extra-Terrestrial (1982)
52.4%
Movie % Correct
The War of the Worlds (1953)
50%
The Day the Earth Stood Still (1951)
45%
Aliens (1986)
36.8%
Blade Runner (1982)
34.7%
Total Recall (1990)
26.7%
WALL-E (2008)
13.7%
The Black Hole (1979)
12%
The Last Starfighter (1984)
11.7%

From the Vault

NBA Players with Most Championships

by Derek

Sports 7m
Some of these guys have to put championship rings on their thumbs or toes.
Remove Ads.
Support Sporcle.
Get the best of Sporcle when you Go Orange. This ad-free experience offers more features, more stats, and more fun while also helping to support Sporcle. Thank you for becoming a member.

Show Comments

Extras

Top Quizzes Today


Score Distribution

Your Account Isn't Verified!

In order to create a playlist on Sporcle, you need to verify the email address you used during registration. Go to your Sporcle Settings to finish the process.

Report this User

Report this user for behavior that violates our Community Guidelines.

Details: